000 00751nam a2200229Ia 4500
003 GCL
008 140319s9999 xx 000 0 ara d
040 _aGCL /
_cGCL
082 0 4 _a801.95
_bم ا
100 1 _aمحمد مفيد الشوباش
245 1 0 _aالادب الثورى عبر التاريخ /
_cمحمد مفيد الشوباش
300 _a176 ص
490 _aكتاب الهلال
_v0
650 0 4 _aالادب المصرى القديم
650 0 4 _aالادب - تاريخ ونقد
650 0 4 _aالفلسفة فى الادب
650 0 4 _aالادب والعلم
650 0 4 _aالادب والمجتمع
650 0 4 _aالادب الفرنسى - نقد
650 0 4 _aالادب الروسى - نقد
942 _2ddc
_cBK
999 _c50410
_d50410